| 000 | 00360nam a22001457a 4500 | ||
|---|---|---|---|
| 005 | 20260303123001.0 | ||
| 008 | 260303b |||||||| |||| 00| 0 eng d | ||
| 020 | _a9789988377939 | ||
| 050 |
_aBF637 _b.54 NAR |
||
| 100 | _aNARH LINDA | ||
| 245 | _aREFLECTIONS 50 LEASONS AT 50 | ||
| 260 |
_bPRINT INNOVATION _c2023 |
||
| 300 | _axiv, 183p | ||
| 942 |
_2lcc _cBK _n0 |
||
| 999 |
_c8846 _d8846 |
||